000 01280nam a2200361 a 4500
001 000037922
003 DO-SdBNP
005 20171018082955.0
007 000037922
008 130308s2010 dr 001 0 spa d
020 _a9789945449235
040 _aBPMSU
_bspa
_cBPMSU
049 _aBNPD
082 _a248.4
_bR788m, 2010
100 1 _aRosa y Carpio, Ramón Benito de la,
_cMons.,
_d1939-
245 1 0 _aMás allá de un momento /
_cRamón Benito de la Rosa y Carpio.
250 _a2ª ed.
260 _aSanto Domingo :
_bGráficas ITESA,
_c2010.
300 _a237 p. ;
_c22 cm.
490 1 _aLibros de la Rosa
500 _aIncluye índice de nombres, analítico y de lugares.
500 _aIncluye datos biográficos del autor en las solapas.
650 4 _aEJERCICIOS ESPIRITUALES
650 4 _aVIDA ESPIRITUAL
651 4 _aREPÚBLICA DOMINICANA
_xCONDICIONES SOCIALES
_xENSAYOS, CONFERENCIAS, ETC.
651 4 _aREPÚBLICA DOMINICANA
_xVIDA SOCIAL Y COSTUMBRES
_xENSAYOS, CONFERENCIAS, ETC.
651 4 _aREPÚBLICA DOMINICANA
_xHISTORIA
_xENSAYOS, CONFERENCIAS, ETC.
830 0 _aLibros de la Rosa
910 _aValidado. Control de calidad EMS
942 _2ddc
_cBK
945 _aInventariado, 2017/MFF
956 _aVMATEO
_b10
_c20150805
_lBPMSU
_h00151
999 _c8075
_d8075